| 000 | 00640nam a22001817a 4500 | ||
|---|---|---|---|
| 003 | OSt | ||
| 005 | 20240628012635.0 | ||
| 008 | 240628b |||||||| |||| 00| 0 eng d | ||
| 020 | _a1558533664 | ||
| 040 |
_aDWC- Main Lib _cOC |
||
| 082 | _aCirc. 973.7 G212 1995 | ||
| 100 | _aGarrison, Webb | ||
| 245 |
_aMore civil war curiosities : _bfascination tales, infamous characters and strange coincidences. / _cWebb Garrison. |
||
| 260 |
_aNashville, Tennessee : _bRoutledge Hill Press, _cc1995. |
||
| 300 |
_a256 pages : _billustrations; _c22cm. |
||
| 650 | _a1. United states- History, Civil War 1861-1865 Miscellanea | ||
| 942 |
_2ddc _cBK-CIRC _n1 |
||
| 999 |
_c1541 _d1541 |
||